Contemporary social research methods
Contents: Chapter 1. Concepts and Theories; Chapter 2. Steps in the Social scientific process; Chapter 3. Measurement; Chapter 4. Censuses and samples; Chapter 5. Causation and causal Modles; Chapter 6. Basic research designs; Chapter 7. Survey research; Chapter 8. Comparative research: Using aggreg...
Uloženo v:
| Hlavní autor: | |
|---|---|
| Médium: | Kniha |
| Jazyk: | Undetermined |
| Vydáno: |
Bellevue, WA
MicroCase Corporation
1996
|
| Témata: | |
| Tagy: |
Přidat tag
Žádné tagy, Buďte první, kdo otaguje tento záznam!
|
| Thư viện lưu trữ: | Trung tâm Học liệu Trường Đại học Cần Thơ |
|---|
| LEADER | 01148nam a2200205Ia 4500 | ||
|---|---|---|---|
| 001 | CTU_220206 | ||
| 008 | 210402s9999 xx 000 0 und d | ||
| 082 | |a 301 | ||
| 082 | |b S795 | ||
| 100 | |a Stark, Rondney. | ||
| 245 | 0 | |a Contemporary social research methods | |
| 245 | 0 | |c Rondney Stark, Lynne Roberts | |
| 260 | |a Bellevue, WA | ||
| 260 | |b MicroCase Corporation | ||
| 260 | |c 1996 | ||
| 520 | |a Contents: Chapter 1. Concepts and Theories; Chapter 2. Steps in the Social scientific process; Chapter 3. Measurement; Chapter 4. Censuses and samples; Chapter 5. Causation and causal Modles; Chapter 6. Basic research designs; Chapter 7. Survey research; Chapter 8. Comparative research: Using aggregate units; Chapter 9: Field research; Chapter 10. Experimental research; Chapter 11. Content analysis and other unobtrusive techniques... | ||
| 650 | |a Sociology,Social sciences,Khoa học xã hội,Xã hội học | ||
| 650 | |x Research,Methodology.,Research,Methodology,Nghiên cứu,Phương pháp,Nghiên cứu,Phương pháp | ||
| 904 | |i Cam Thuy, Tuyến | ||
| 980 | |a Trung tâm Học liệu Trường Đại học Cần Thơ | ||